| 000 | 00000nam##2200000za#4500 |
| 001 | 9.612871 |
| 003 | CaOODSP |
| 005 | 20200327125659 |
| 007 | ta |
| 008 | 150406|1995||||xxc||||| f|0| 0 eng|d |
| 020 | |a0-662-24180-0 |
| 040 | |aCaOODSP|beng |
| 043 | |an-cn--- |
| 086 | 1 |aLU2-153/206-1995E |
| 110 | 1 |aCanada.|bHuman Resources Development Canada. |bUnemployment Insurance. |
| 245 | 10|aState dependence and Unemployment Insurance|cby Thomas Lemieux and W. Bentley MacLeod. |
| 260 | |aOttawa - Ontario : |bHuman Resources Development Canada. |c1995. |
| 300 | |a56p. : |bfig., graphs, tables ; |c30 cm. |
| 490 | 1 |aUnemployment Insurance evaluation series |
| 500 | |a"This paper analyses the evolution of the propensity of Canadian men to collect unemployment insurance (UI) benefits from 1972 to 1992."--Abstract. |
| 504 | |aBibliography. |
| 520 | 3 |aThis paper analyses the evolution of the propensity of Canadian men to collect unemployment insurance (UI) benefits from 1972 to 1992.--Abstract |
| 563 | |aSoftcover |
| 590 | |a96-06|b1996-02-09 |
| 690 | 07|aEmployment insurance|2gcpds |
| 720 | 1 |aLemieux, Thomas |
| 720 | 1 |aMacLeod, Bentley |
| 776 | 0#|tState dependence and unemployment insurance / |w(CaOODSP)9.578717 |
| 830 | #0|aUnemployment insurance evaluation series.|w(CaOODSP)9.514754 |
| 986 | |aIN-AH-206E-05-95 |